Programming systems and languages / (Record no. 176716)
[ view plain ]
| 000 -LEADER | |
|---|---|
| fixed length control field | 00624 a2200181 4500 |
| 003 - CONTROL NUMBER IDENTIFIER | |
| control field | Nust |
| 005 - DATE AND TIME OF LATEST TRANSACTION | |
| control field | 20230529125508.0 |
| 020 ## - INTERNATIONAL STANDARD BOOK NUMBER | |
| International Standard Book Number | 070537089 |
| 040 ## - CATALOGING SOURCE | |
| Transcribing agency | Nust |
| 082 ## - DEWEY DECIMAL CLASSIFICATION NUMBER | |
| Classification number | 005.13,PRO |
| 100 ## - MAIN ENTRY--PERSONAL NAME | |
| Personal name | Rosen, Saul |
| 9 (RLIN) | 112757 |
| 245 ## - TITLE STATEMENT | |
| Title | Programming systems and languages / |
| 260 ## - PUBLICATION, DISTRIBUTION, ETC. | |
| Place of publication, distribution, etc. | New York |
| Name of publisher, distributor, etc. | McGrawHill |
| Date of publication, distribution, etc. | 1967 |
| 300 ## - PHYSICAL DESCRIPTION | |
| Extent | 734p |
| 505 ## - FORMATTED CONTENTS NOTE | |
| Formatted contents note | A Historical Survey (Page-1), Programming Languages (Page-29), Compiling And Translating (Page-184), Languages For Processing Lists And Stings Of Symbols (Page-362), Operating Systems (Page-516). |
| 650 ## - SUBJECT ADDED ENTRY--TOPICAL TERM | |
| Topical term or geographic name entry element | Programming, Languages |
| 9 (RLIN) | 58751 |
| 942 ## - ADDED ENTRY ELEMENTS (KOHA) | |
| Source of classification or shelving scheme | |
| Koha item type | Book |
| Call number prefix | 005.13,PRO |
| Withdrawn status | Lost status | Source of classification or shelving scheme | Damaged status | Not for loan | Permanent Location | Current Location | Shelving location | Date acquired | Full call number | Barcode | Date last seen | Price effective from | Koha item type | Public note |
|---|---|---|---|---|---|---|---|---|---|---|---|---|---|---|
| Military College of Signals (MCS) | Military College of Signals (MCS) | General Stacks | 12/12/2016 | 005.13,PRO | MCS3403 | 12/08/2016 | 12/12/2016 | Book | Almirah No.80, Shelf No.2 |
